Ужасните болести (Запис номер 103945)
[ съкратено ]
| 000 -Лидер | |
|---|---|
| Контролно поле с фиксирана дължина | 02064nam a2200577 c 4500 |
| 003 - Код на организацията, давaща контролен номер | |
| Контролно поле | BLK |
| 005 - Дата и час на последна редакция | |
| Контролно поле | 20180422105550.0 |
| 008 - Елементи от данни с фиксирана дължина | |
| fixed length control field | 180409b bul|||||r ||||||| ||bul|| |
| 010 ## - Наследен системен номер | |
| LC control number | KNG00109029000 |
| 020 ## - Международен стандартен номер на книга ISBN | |
| Международен стандартен номер на книга ISBN | 954-446-742-4 |
| -- | издат.: Егмонт България |
| 040 ## - Източник на каталожния запис | |
| Идентификатор на билиотеката - собственик на записа | BLK |
| 041 ## - Код за език | |
| Код за езика на текст/звукозапис или на отделно заглавие | Български |
| Код за езика КДБФ | Български |
| 072 #7 - Код за тематичната категория | |
| Код организация | bullib |
| Код за тематична категория | Л01 |
| Текст | Заболявания |
| 080 ## - УДК | |
| Текстов определител УДК | Патология. Клинична медицина |
| УДК код - определител по УДК | 616 |
| УДК определител | .01 |
| УДК - код + определител | 616.01 |
| 080 ## - УДК | |
| Текстов определител УДК | Вирусология |
| УДК код - определител по УДК | 578 |
| УДК определител | |
| УДК - код + определител | 578 |
| 100 1# - Редна дума - Автор | |
| Автор | Арнолд, Ник |
| Авторска отговорност | първи автор |
| R(LIN) | 273999 |
| 139 ## - Редно поле | |
| Редна дума | Арнолд, Ник |
| Авторски знак | Арн - А 87 |
| 245 10 - Сведения за заглавието | |
| Заглавие | Ужасните болести |
| Редно поле (дума) | Ник Арнолд; ил. Тони Де Сол; прев. Ирена Тодорова Витанова. |
| 257 ## - Страна на издаване | |
| Страна на създаване/издаване | Великобритания |
| 260 ## - Област на издателските данни | |
| -- | София |
| Име на издателя, разпространителя и проч. | Егмонт България |
| Година на издаване | 2003 |
| Печатница | София : Балкан прес АД |
| 300 ## - Физическа характеристика | |
| Страници | 160 с. |
| Илюстрации и др. | с ил. |
| Размери/Мащаб | 20 см |
| 380 ## - Жанр | |
| Жанр | Детска отраслова лит. |
| 490 1# - СЕРИИ (Колекции) | |
| Име на серия | Страховитото в науката |
| 500 ## - Общи забележки | |
| Забележка | Ориг. загл. Horrible Science - Deadly Diseases / Nick Arnold. - Офс. изд. |
| 650 #4 - Допълнително описание по предмет – тема | |
| Основно описание – тема или топоним | Инфекциозни болести |
| 9 (RLIN) | 248967 |
| 650 #4 - Допълнително описание по предмет – тема | |
| Основно описание – тема или топоним | Вирусология |
| 9 (RLIN) | 150763 |
| 653 ## - Ключова дума – ненормативна | |
| Ключова дума | инфекциозни болести |
| 653 ## - Ключова дума – ненормативна | |
| Ключова дума | вируси |
| 653 ## - Ключова дума – ненормативна | |
| Ключова дума | чума |
| 653 ## - Ключова дума – ненормативна | |
| Ключова дума | холера |
| 653 ## - Ключова дума – ненормативна | |
| Ключова дума | едра шарка |
| 653 ## - Ключова дума – ненормативна | |
| Ключова дума | бактерии |
| 653 ## - Ключова дума – ненормативна | |
| Ключова дума | антибиотици |
| 653 ## - Ключова дума – ненормативна | |
| Ключова дума | хигиена |
| 653 ## - Ключова дума – ненормативна | |
| Ключова дума | грип |
| 653 ## - Ключова дума – ненормативна | |
| Ключова дума | лаймска болест |
| 653 ## - Ключова дума – ненормативна | |
| Ключова дума | ебола |
| 653 ## - Ключова дума – ненормативна | |
| Ключова дума | СПИН |
| 653 ## - Ключова дума – ненормативна | |
| Ключова дума | туберкулоза |
| 653 ## - Ключова дума – ненормативна | |
| Ключова дума | малария |
| 653 ## - Ключова дума – ненормативна | |
| Ключова дума | литература за деца |
| 653 ## - Ключова дума – ненормативна | |
| Ключова дума | детска литература |
| 659 ## - Тематичен бюлетин | |
| Тематичен бюлетин | Л |
| 700 1# - Други автори (авторска отговорност) | |
| Лично име | Де Сол, Тони |
| Автороска отговорност (Описва отношението между автора и произведението) | ил. |
| 9 (RLIN) | 274000 |
| 700 1# - Други автори (авторска отговорност) | |
| Лично име | Витанова, Ирена Тодорова |
| Автороска отговорност (Описва отношението между автора и произведението) | прев. |
| 9 (RLIN) | 367104 |
| 852 ## - Местоположение | |
| Форматна сигнатура | Цб 216741 |
| 856 4# - Електронен адрес и достъп | |
| Електронен формат | pdf - файл |
| Път до файла /url/ | |
| 856 4# - Електронен адрес и достъп | |
| Електронен формат | pdf - файл |
| Път до файла /url/ | |
| 942 ## - АРТИКУЛИ | |
| Вид на библиотечния материал | Книги |
| Скрит в OPAC | Не |
| 944 ## - СЪЗДАВАНЕ И РЕДАКЦИЯ на ЗАПИСА | |
| Създаване/Редакция | Създаване |
| Дата на регистрацията/редакция | 18.11.2003 |
| Служител, извършил регистрацията/редакцията | Ирена_Линкова |
| 944 ## - СЪЗДАВАНЕ И РЕДАКЦИЯ на ЗАПИСА | |
| Създаване/Редакция | Редакция |
| Дата на регистрацията/редакция | 29.09.2012 |
| Служител, извършил регистрацията/редакцията | |
| 999 ## - СИСТЕМНИ КОНТРОЛНИ НОМЕРА | |
| Koha biblionumber | 103945 |
| Koha biblioitemnumber | 103945 |
| Код за отписване | Код за изгубен артикул | Код за повреда | Коз за рестрикции | Код за отдаване | Артикулен № | Име на библиотеката - собственик | Име на библиотеката, в която се намира в момента | Статус (Текущо местоположение) | Дата на вписване в системата | Местоположение - отдел | Цена в лева | Инвентарен номер | Систематично азбучна сигнатура | Баркод | Номер на екземпляра | Цена в евро | Служебна бележка | Служебен тип на артикула |
|---|---|---|---|---|---|---|---|---|---|---|---|---|---|---|---|---|---|---|
| Не е изгубен | Не е повреден | без рестрикции | ползва се в читалня | 167893 | Регионална библиотека "Любен Каравелов" Русе | Регионална библиотека "Любен Каравелов" Русе | Хранилище | 2004-10-06 | Хранилище | 2.49 | 120000688942 | Цб 216741 | 120000688942 | 1 | 1.27 | Дост: Dp Вид: Д N: 47 Дата: 12.11.2003 | Книги | |
| Изтеглен | Не е изгубен | Не е повреден | без рестрикции | заемане за дома | 167894 | Регионална библиотека "Любен Каравелов" Русе | Регионална библиотека "Любен Каравелов" Русе | Детски отдел | 2006-12-28 | Детски отдел | 2.49 | 120000707946 | Д 61/А 87 | 120000707946 | 2 | 1.27 | Дост: Pk Вид: Ф N: 47857 Дата: 21.12.2006 Дата инв: 20.08.2015 Бележки инв: Д2015 | Книги |